[Event "XI Open"]
[Site "Condino ITA"]
[Date "2011.07.28"]
[Round "5"]
[White "Ventura, Sergio"]
[Black "Panjkovic, Aleksandar"]
[Result "1/2-1/2"]
[WhiteElo "2092"]
[BlackElo "2173"]
[PlyCount "44"]
[EventDate "2011.07.25"]

1. e4 d6 2. d4 Nf6 3. Nc3 g6 4. f4 Bg7 5. Nf3 c5 6. dxc5 Qa5 7. Bd3 Qxc5 8. Qe2
O-O 9. Be3 Qa5 10. Bd2 Nc6 11. Nd5 Qd8 12. Nxf6+ Bxf6 13. c3 Bg4 14. Be3 e5 15.
h3 Bh4+ 16. Bf2 Bxf3 17. Qxf3 exf4 18. Qxf4 Bg5 19. Qg3 Ne5 20. Rd1 Qf6 21. O-O
Bf4 22. Bd4 Bxg3 1/2-1/2

[Event "XI Open"]
[Site "Condino ITA"]
[Date "2011.07.29"]
[Round "6"]
[White "Brun, Dario"]
[Black "Stoppa, Omar"]
[Result "1/2-1/2"]
[WhiteElo "2265"]
[BlackElo "2286"]
[PlyCount "158"]
[EventDate "2011.07.25"]

1. d4 Nf6 2. c4 a6 3. Nc3 c5 4. d5 b5 5. cxb5 axb5 6. Nxb5 Qa5+ 7. Nc3 Bb7 8.
Bd2 Qb6 9. e4 e6 10. Bc4 Nxe4 11. Nf3 Nxd2 12. Qxd2 Be7 13. O-O O-O 14. Rfe1
Bf6 15. Rac1 Qb4 16. Re4 exd5 17. Bxd5 Qb6 18. Bxb7 Qxb7 19. Nd5 Ra6 20. b3 Qa7
21. Ra4 Bd8 22. Rcc4 Rxa4 23. Rxa4 Qb7 24. Rg4 f6 25. Ne3 f5 26. Rf4 g6 27. h4
Qc6 28. Rc4 d6 29. h5 f4 30. Nd5 g5 31. Nh2 Rf5 32. Nb4 Qd7 33. Ng4 Qe6 34. Nd3
Nc6 35. f3 Rd5 36. Re4 Ne5 37. Qe2 Bc7 38. Ndxe5 dxe5 39. Qc4 Kg7 40. Re2 Rd1+
41. Kf2 Qxc4 42. bxc4 Rd4 43. Rb2 e4 44. fxe4 Rxe4 45. Rb7 Re7 46. a4 Kf7 47.
Kf3 Ke6 48. Ra7 Rd7 49. Ra6+ Bd6 50. Nh6 Rb7 51. Ra8 Rb3+ 52. Ke2 Rb2+ 53. Kf1
Rb1+ 54. Ke2 Rb2+ 55. Kf3 Rb3+ 56. Ke2 Rb4 57. a5 Rxc4 58. a6 Ra4 59. a7 Kd5
60. Nf7 Be7 61. h6 c4 62. Kd2 Ra2+ 63. Kc1 Ke6 64. Kb1 Ra5 65. Nxg5+ Bxg5 66.
Re8+ Kf7 67. a8=Q Rxa8 68. Rxa8 Bxh6 69. Rc8 Bg7 70. Rxc4 Be5 71. Kc2 Kf6 72.
Kd3 Kf5 73. Rc5 h5 74. Rb5 h4 75. Rc5 f3 76. gxf3 h3 77. Ke2 h2 78. Rc1 Bd4 79.
Rh1 Bg1 1/2-1/2

[Event "XI Open"]
[Site "Condino ITA"]
[Date "2011.07.29"]
[Round "6"]
[White "Cesati Cassin, Giorgio"]
[Black "Paragliola, Gennaro"]
[Result "0-1"]
[WhiteElo "1585"]
[BlackElo "1583"]
[PlyCount "80"]
[EventDate "2011.07.25"]

1. e4 g6 2. d4 Bg7 3. Nc3 d6 4. f4 Nf6 5. Nf3 O-O 6. Bd3 Nc6 7. e5 dxe5 8. fxe5
Nd5 9. Nxd5 Qxd5 10. c3 Bg4 11. O-O f6 12. exf6 exf6 13. Qb3 Qxb3 14. axb3 Be6
15. b4 Rfe8 16. Bf4 Re7 17. Be4 Bc4 18. Rfe1 Rc8 19. Bxc6 Rxe1+ 20. Nxe1 bxc6
21. Rxa7 Re8 22. Kf2 Re2+ 23. Kf1 Re4+ 24. Kf2 Rxf4+ 25. Kg3 Re4 26. Nc2 Bh6
27. Rxc7 Bf4+ 28. Kf3 Bxc7 29. Kxe4 Bd5+ 30. Ke3 Bxg2 31. Ne1 Bd5 32. h3 f5 33.
Nd3 g5 34. Nc5 f4+ 35. Kf2 h5 36. Nd3 g4 37. hxg4 hxg4 38. b5 cxb5 39. Ne5 Bxe5
40. dxe5 Kf7 0-1

[Event "XI Open"]
[Site "Condino ITA"]
[Date "2011.07.29"]
[Round "6"]
[White "De Santis, Alessio"]
[Black "Ventura, Sergio"]
[Result "1-0"]
[WhiteElo "2305"]
[BlackElo "2092"]
[PlyCount "85"]
[EventDate "2011.07.25"]

1. d4 f5 2. g3 e6 3. Bg2 Nf6 4. Nh3 d5 5. O-O Be7 6. c4 O-O 7. Nc3 c6 8. Qb3
Kh8 9. Rd1 Qe8 10. Qc2 h6 11. Bf4 g5 12. Be5 Qf7 13. f4 g4 14. Nf2 h5 15. cxd5
exd5 16. Nd3 Nbd7 17. e3 Kg8 18. b4 Ne4 19. a3 h4 20. Nxe4 fxe4 21. Nc5 Bxc5
22. bxc5 h3 23. Bf1 Nxe5 24. dxe5 Qe7 25. Rdb1 Rf7 26. a4 Qf8 27. a5 a6 28. Rb2
Ra7 29. Rab1 Kh7 30. Qc3 Qg7 31. Be2 Re7 32. Qd4 Be6 33. Rf1 Bf5 34. Rb4 Qf7
35. Qd1 Qg7 36. Qb3 Kh6 37. Rd4 Kh7 38. Qb4 Kh6 39. Qb6 Ra8 40. Rxd5 Rd7 41.
Rxd7 Qxd7 42. Rd1 Qe7 43. Rd6+ 1-0

[Event "XI Open"]
[Site "Condino ITA"]
[Date "2011.07.29"]
[Round "6"]
[White "De Vita, Gianni"]
[Black "Pichler, Christoph"]
[Result "1-0"]
[WhiteElo "2090"]
[BlackElo "1904"]
[PlyCount "95"]
[EventDate "2011.07.25"]

1. e4 e5 2. Nf3 Nc6 3. Bc4 Bc5 4. d3 Nf6 5. c3 d6 6. Bb3 O-O 7. Nbd2 Ne7 8. O-O
Ng6 9. Nc4 c6 10. d4 exd4 11. cxd4 Bb4 12. a3 Ba5 13. Nxa5 Qxa5 14. Qd3 Bg4 15.
Ng5 Rae8 16. Bd2 Qd8 17. h3 Bc8 18. Rae1 Re7 19. f4 Rfe8 20. Qb1 Qb6 21. Qd3
Nf8 22. e5 dxe5 23. Bxf7+ Rxf7 24. fxe5 Rfe7 25. exf6 gxf6 26. Rxe7 Rxe7 27.
Rxf6 Qd8 28. Bb4 Re1+ 29. Bxe1 Qxf6 30. Ne4 Qg6 31. Qe3 Bf5 32. Ng3 Be6 33. d5
Bxd5 34. Qxa7 Qc2 35. Qf2 Qg6 36. Bc3 Ne6 37. Nf5 Kf8 38. g4 Ke8 39. Qg3 Nd8
40. Qe5+ Ne6 41. Qb8+ Nd8 42. Ba5 Qf6 43. Nd6+ Kd7 44. Nf5 Ne6 45. Qxb7+ Ke8
46. Bc3 Qd8 47. Be5 Ng5 48. Nd6+ 1-0

[Event "XI Open"]
[Site "Condino ITA"]
[Date "2011.07.29"]
[Round "6"]
[White "Frugoni, Giulio"]
[Black "Carletti, Davide"]
[Result "1-0"]
[WhiteElo "1685"]
[BlackElo "1660"]
[PlyCount "87"]
[EventDate "2011.07.25"]

1. Nf3 Nf6 2. d4 g6 3. c4 Bg7 4. Nc3 d6 5. Bg5 O-O 6. e3 Nbd7 7. Bd3 e5 8. dxe5
dxe5 9. Qe2 Qe8 10. Bc2 Qe6 11. h3 Nc5 12. Bxf6 Bxf6 13. Nd5 Na6 14. Nxf6+ Qxf6
15. Rd1 Be6 16. O-O Rad8 17. Nd2 Qg7 18. Ne4 f5 19. Ng5 Qf6 20. Nxe6 Qxe6 21.
Rd5 c6 22. Ra5 c5 23. b4 cxb4 24. Bb3 Kg7 25. c5 Qf6 26. Rc1 Rc8 27. Bd5 Rc7
28. Bxb7 Rxb7 29. Rxa6 Qe7 30. c6 Rc7 31. Qb5 Rfc8 32. Rc5 e4 33. Rd5 Kh6 34.
Rd7 Rxd7 35. cxd7 Rc7 36. Qxb4 Rc1+ 37. Kh2 Qe5+ 38. g3 Qa1 39. Qf8+ Kh5 40.
g4+ fxg4 41. hxg4+ Kxg4 42. Qf5+ Kh4 43. Qxe4+ Kh5 44. Ra5+ 1-0

[Event "XI Open"]
[Site "Condino ITA"]
[Date "2011.07.29"]
[Round "6"]
[White "Gardi, Giuseppe"]
[Black "Menichini, Massimo"]
[Result "1-0"]
[WhiteElo "2026"]
[BlackElo "1791"]
[PlyCount "62"]
[EventDate "2011.07.25"]

1. d4 Nf6 2. c4 e6 3. Nf3 b6 4. g3 Bb7 5. Bg2 Be7 6. O-O O-O 7. Nc3 d6 8. Qc2
c5 9. d5 exd5 10. cxd5 Nxd5 11. Nxd5 Bxd5 12. Ng5 Bxg5 13. Bxd5 Bxc1 14. Rfxc1
Nd7 15. Bxa8 Qxa8 16. Qf5 Nf6 17. Rd1 d5 18. g4 Qc6 19. g5 Nh5 20. Qxd5 Qg6 21.
e3 Nf6 22. Qg2 Ne4 23. Rd5 Re8 24. Rad1 Kf8 25. f3 Nf6 26. gxf6 Qxf6 27. e4 h6
28. Rf5 Qe6 29. Rfd5 Qf6 30. R1d2 Qh4 31. Qg3 Qf6 1-0

[Event "XI Open"]
[Site "Condino ITA"]
[Date "2011.07.29"]
[Round "6"]
[White "Garonzi, Martino"]
[Black "Salmoiraghi, Angelo"]
[Result "0-1"]
[WhiteElo "2002"]
[BlackElo "2152"]
[PlyCount "32"]
[EventDate "2011.07.25"]

1. e4 e5 2. Nf3 Nc6 3. d4 exd4 4. Nxd4 Nf6 5. Nxc6 bxc6 6. Bd3 d5 7. e5 Ng4 8.
O-O Qh4 9. Bf4 Bc5 10. Bg3 Qe7 11. Re1 h5 12. e6 Bxe6 13. Bf5 Qf6 14. Bxg4 hxg4
15. Qxg4 Qxb2 16. Nd2 Qxa1 0-1

[Event "XI Open"]
[Site "Condino ITA"]
[Date "2011.07.29"]
[Round "6"]
[White "Girelli, Sergio"]
[Black "Menon, Michele"]
[Result "1/2-1/2"]
[WhiteElo "1792"]
[BlackElo "1775"]
[PlyCount "32"]
[EventDate "2011.07.25"]

1. e4 e6 2. d4 d5 3. Nc3 dxe4 4. Nxe4 Nd7 5. Bd3 Ngf6 6. Bg5 Be7 7. Nxf6+ Bxf6
8. Be3 Nb6 9. c3 O-O 10. Qc2 g6 11. Bh6 Re8 12. Nf3 e5 13. dxe5 Bxe5 14. O-O-O
Qf6 15. Bg5 Bf4+ 16. Bxf4 Qxf4+ 1/2-1/2

[Event "XI Open"]
[Site "Condino ITA"]
[Date "2011.07.29"]
[Round "6"]
[White "Medancic, Rikard"]
[Black "Nepi, Ezio"]
[Result "1-0"]
[WhiteElo "2275"]
[BlackElo "1930"]
[PlyCount "119"]
[EventDate "2011.07.25"]

1. d4 d5 2. Nf3 Nf6 3. g3 Bf5 4. Bg2 c6 5. O-O e6 6. Nbd2 h6 7. c4 Nbd7 8. b3
Bd6 9. Bb2 O-O 10. Re1 Ne4 11. Nxe4 Bxe4 12. Nd2 Bxg2 13. Kxg2 Nf6 14. e4 dxe4
15. Nxe4 Be7 16. Nd2 c5 17. Nf3 cxd4 18. Qxd4 Qc7 19. Ne5 Rfd8 20. Qc3 Rac8 21.
Qf3 Rd6 22. g4 Bf8 23. h4 Nh7 24. Re2 f6 25. Ng6 Qc6 26. Qxc6 bxc6 27. Rae1 Kf7
28. h5 e5 29. Bc1 Rd4 30. f4 Bb4 31. Rf1 exf4 32. Rxf4 Rxf4 33. Bxf4 Nf8 34.
Nh4 Re8 35. Rxe8 Kxe8 36. Be3 a6 37. Nf5 Ne6 38. Kf3 Kd7 39. Bc1 Bc5 40. a3 a5
41. Bd2 Bxa3 42. Bxa5 c5 43. Ke4 Bb2 44. Kd5 Ba3 45. Bd2 Nc7+ 46. Ke4 Ne6 47.
Kd3 Bb2 48. b4 cxb4 49. Bxb4 Be5 50. Bc3 Bc7 51. Bd4 Bd8 52. Be3 Bc7 53. Ke4
Bb8 54. Nd4 Be5 55. Nxe6 Kxe6 56. Bf4 Bc3 57. c5 f5+ 58. gxf5+ Kf6 59. Bc7 Bd2
60. Kd5 1-0

[Event "XI Open"]
[Site "Condino ITA"]
[Date "2011.07.29"]
[Round "6"]
[White "Medves, Enrico"]
[Black "Galas, Franco"]
[Result "1-0"]
[WhiteElo "1593"]
[BlackElo "1758"]
[PlyCount "67"]
[EventDate "2011.07.25"]

1. d4 d6 2. c4 e6 3. e4 Ne7 4. Nc3 g6 5. Be2 Bg7 6. h4 h6 7. f4 c6 8. Nf3 d5 9.
e5 Nf5 10. g4 Ng3 11. Rh3 Nxe2 12. Qxe2 h5 13. gxh5 Rxh5 14. c5 b5 15. Qg2 Na6
16. a3 b4 17. Ne2 Rb8 18. Ng3 Rh8 19. h5 bxa3 20. Rxa3 Nb4 21. Rxa7 Nd3+ 22.
Kd1 Bh6 23. hxg6 Rb7 24. Rxb7 Bxb7 25. gxf7+ Kd7 26. Ne2 Qf8 27. Ng5 Nxc1 28.
Kxc1 Qg7 29. Ng1 Bxg5 30. Qxg5 Qxg5 31. fxg5 Rxh3 32. Nxh3 Ke7 33. g6 Kf8 34.
Ng5 1-0

[Event "XI Open"]
[Site "Condino ITA"]
[Date "2011.07.29"]
[Round "6"]
[White "Panjkovic, Aleksandar"]
[Black "Barucco, Mattia"]
[Result "1-0"]
[WhiteElo "2173"]
[BlackElo "1976"]
[PlyCount "97"]
[EventDate "2011.07.25"]

1. c4 e5 2. g3 Nc6 3. Bg2 g6 4. Nc3 Bg7 5. e4 d6 6. Nge2 f5 7. d3 Nh6 8. Nd5
O-O 9. O-O Be6 10. Bd2 Qd7 11. Qc1 Ng4 12. f3 Nf6 13. Be3 Nh5 14. Qd2 Nd4 15.
Nxd4 exd4 16. Bg5 c6 17. Nf4 Nxf4 18. Bxf4 Rfe8 19. b4 b6 20. Rac1 Rac8 21. a4
a6 22. Qb2 d5 23. c5 b5 24. axb5 axb5 25. e5 g5 26. Bxg5 Bxe5 27. Rfe1 Bg7 28.
Ra1 Bf7 29. Qd2 Rxe1+ 30. Rxe1 Re8 31. Kf2 Re6 32. Qa2 Rxe1 33. Kxe1 Qe6+ 34.
Kf2 Bh6 35. Qd2 Bg7 36. Qe2 Qxe2+ 37. Kxe2 Bg6 38. g4 fxg4 39. fxg4 h5 40. Bf3
hxg4 41. Bxg4 Be8 42. Bf5 Be5 43. h3 Bh5+ 44. Kf2 Kf8 45. Bd7 Be8 46. Bxe8 Kxe8
47. Kf3 Kf7 48. Bf4 Bf6 49. Kg4 1-0

[Event "XI Open"]
[Site "Condino ITA"]
[Date "2011.07.29"]
[Round "6"]
[White "Panjkovic, Stefan"]
[Black "Raselli, Claudio"]
[Result "1/2-1/2"]
[WhiteElo "1626"]
[BlackElo "1930"]
[PlyCount "73"]
[EventDate "2011.07.25"]

1. c4 e6 2. g3 d5 3. Bg2 dxc4 4. Nf3 Nd7 5. Qc2 Ngf6 6. Na3 Bxa3 7. bxa3 Nb6 8.
Bb2 Bd7 9. Ne5 Nfd5 10. Nxc4 O-O 11. O-O Nxc4 12. Qxc4 c6 13. e4 Nf6 14. d4 Qa5
15. Qb4 Qxb4 16. axb4 Rfd8 17. Bc3 Be8 18. Rab1 h6 19. Rfd1 a6 20. Re1 Kh7 21.
Bf1 Ng8 22. a4 Ne7 23. Ra1 b5 24. axb5 axb5 25. Bg2 Ra4 26. Bf1 Rda8 27. Bd3 g6
28. Bc2 Rxa1 29. Rxa1 Rxa1+ 30. Bxa1 f5 31. f3 g5 32. Kf2 Bg6 33. h3 Kg8 34.
Bc3 Kf8 35. Ke3 Ke8 36. Bb3 Kd7 37. Bb2 1/2-1/2

[Event "XI Open"]
[Site "Condino ITA"]
[Date "2011.07.29"]
[Round "6"]
[White "Petragnani, Gian Giacomo"]
[Black "Calabrese, Maurizio"]
[Result "1-0"]
[WhiteElo "1738"]
[BlackElo "1567"]
[PlyCount "74"]
[EventDate "2011.07.25"]

1. Nf3 Nf6 2. g3 g6 3. Bg2 c5 4. O-O Nc6 5. d3 e6 6. e4 d5 7. Nbd2 e5 8. Re1
Bg4 9. h3 Bxf3 10. Bxf3 Bg7 11. exd5 Nxd5 12. Ne4 b6 13. Nc3 Nde7 14. Be3 O-O
15. Bg2 Rc8 16. Ne2 Nb8 17. c3 Nf5 18. Bc1 Nd7 19. f4 exf4 20. Bxf4 Nf6 21. Bb7
h6 22. Bxc8 Qxc8 23. Be5 Nd5 24. Bxg7 Nde3 25. Qd2 Kxg7 26. Nf4 Re8 27. g4 g5
28. Nh5+ Kg6 29. gxf5+ Kxh5 30. Rxe3 Qxf5 31. Qe2+ Kh4 32. Qf2+ Qxf2+ 33. Kxf2
Rd8 34. Rd1 Rd7 35. d4 c4 36. Kg2 g4 37. hxg4 Kxg4 1-0

[Event "XI Open"]
[Site "Condino ITA"]
[Date "2011.07.29"]
[Round "6"]
[White "Pipitone, Antonio"]
[Black "Dappiano, Andrea"]
[Result "0-1"]
[WhiteElo "1979"]
[BlackElo "2072"]
[PlyCount "120"]
[EventDate "2011.07.25"]

1. e4 e6 2. d4 d5 3. Nc3 Bb4 4. e5 c5 5. a3 Bxc3+ 6. bxc3 Ne7 7. f4 Nbc6 8. Nf3
Nf5 9. Bd3 Qa5 10. Bxf5 exf5 11. Bd2 Qa4 12. dxc5 Be6 13. Be3 Na5 14. O-O O-O
15. Qd3 Rfc8 16. Rfb1 Rc7 17. Nd4 Nc4 18. Rb4 Qd7 19. Nb5 Rc6 20. Nd6 b6 21.
Nxc4 bxc5 22. Rb5 dxc4 23. Qxd7 Bxd7 24. Rxc5 Rxc5 25. Bxc5 Ba4 26. Rc1 a6 27.
Kf2 Rc8 28. Bb4 Rd8 29. Bd6 f6 30. Ke3 fxe5 31. fxe5 Kf7 32. Kd4 Rc8 33. g3 Ke6
34. Rb1 Bb5 35. Rb4 g5 36. a4 Bd7 37. Bc5 h5 38. Rxc4 a5 39. Bd6 Rxc4+ 40. Kxc4
Bxa4 41. Kd3 Bc6 42. c4 a4 43. Kd4 f4 44. gxf4 gxf4 45. h4 Kf5 46. e6 f3 47.
Ke3 Kxe6 48. Ba3 Kf5 49. Be7 Kg4 50. Kf2 Kf4 51. Bd6+ Ke4 52. Bc5 Bb7 53. Ke1
Ba6 54. Kd2 Bxc4 55. Kc3 a3 56. Bf2 a2 57. Kb2 Kf4 58. Ka1 Kg4 59. Kb2 Kh3 60.
Ka1 Kg2 0-1

[Event "XI Open"]
[Site "Condino ITA"]
[Date "2011.07.29"]
[Round "6"]
[White "Qendro, Llambi"]
[Black "Rotstein, Arkadij"]
[Result "1-0"]
[WhiteElo "2343"]
[BlackElo "2529"]
[PlyCount "113"]
[EventDate "2011.07.25"]

1. d4 Nf6 2. c4 c5 3. d5 e6 4. Nc3 exd5 5. cxd5 d6 6. e4 g6 7. Bd3 Bg7 8. h3
O-O 9. Nf3 a6 10. a4 Nh5 11. O-O Nd7 12. Bg5 Bf6 13. Bh6 Re8 14. Qd2 Rb8 15.
Rfe1 Ne5 16. Be2 Nxf3+ 17. Bxf3 Ng7 18. Be2 Bd4 19. Bg5 f6 20. Bh6 Bd7 21. Bf1
f5 22. Bg5 Bf6 23. Bxf6 Qxf6 24. exf5 Nxf5 25. Ne4 Qf8 26. Qf4 Kh8 27. Ng5 h6
28. Nf3 g5 29. Qd2 Qf6 30. b3 Kg7 31. Rxe8 Rxe8 32. Re1 Rxe1 33. Qxe1 b5 34.
axb5 axb5 35. Qa5 b4 36. Qc7 Qe7 37. g4 Be8 38. Qb6 Nh4 39. Nxh4 gxh4 40. Qa6
h5 41. Qa1+ Qe5 42. Qxe5+ dxe5 43. f3 Kf6 44. Kf2 hxg4 45. fxg4 Ke7 46. Ke3 Kd6
47. Bc4 Bg6 48. Kf3 Bb1 49. Ke3 Bc2 50. Kf3 Bh7 51. Ke3 e4 52. Kf4 Bg6 53. g5
e3 54. Kxe3 Bf5 55. Kf4 Bxh3 56. g6 Ke7 57. Kg5 1-0

[Event "XI Open"]
[Site "Condino ITA"]
[Date "2011.07.29"]
[Round "6"]
[White "Schaefer, Heiko"]
[Black "Medves, Adriano"]
[Result "0-1"]
[WhiteElo "2100"]
[BlackElo "1593"]
[PlyCount "54"]
[EventDate "2011.07.25"]

1. e4 g6 2. d4 Bg7 3. Nc3 d6 4. Nf3 e6 5. Be3 Ne7 6. Qd2 h6 7. O-O-O a6 8. h4
Nd7 9. h5 g5 10. g3 b5 11. a3 Bb7 12. Bg2 a5 13. Nxb5 Bxe4 14. Rhe1 d5 15. Re2
Nb6 16. Kb1 Nc4 17. Qc1 Rb8 18. a4 c6 19. Bxg5 cxb5 20. Bxe7 Qxe7 21. Qf4 Rb7
22. Nh4 Qb4 23. Qc1 bxa4 24. Bxe4 dxe4 25. c3 Qb3 26. d5 exd5 27. Qc2 Na3+ 0-1

[Event "XI Open"]
[Site "Condino ITA"]
[Date "2011.07.29"]
[Round "6"]
[White "Simoncini, Francesco"]
[Black "Carletti, Angelo"]
[Result "0-1"]
[WhiteElo "1581"]
[BlackElo "1849"]
[PlyCount "92"]
[EventDate "2011.07.25"]

1. d4 Nf6 2. c4 g6 3. g3 Bg7 4. Bg2 d6 5. Nf3 O-O 6. Nc3 Nbd7 7. O-O e5 8. e4
exd4 9. Nxd4 Re8 10. h3 a6 11. Be3 Rb8 12. b3 c5 13. Nde2 b5 14. Qxd6 Rb6 15.
Qd2 bxc4 16. bxc4 Rbe6 17. Rad1 Qe7 18. Nf4 Rc6 19. e5 Nxe5 20. Bxc6 Nxc6 21.
Qd6 Qxd6 22. Rxd6 Ne5 23. Bxc5 Nxc4 24. Rdd1 Ne5 25. Bd6 Nf3+ 26. Kg2 Bb7 27.
Rb1 Ba8 28. Rb8 Rxb8 29. Bxb8 Nd2+ 30. Kg1 Nxf1 31. Kxf1 Nd7 32. Bd6 Bxc3 33.
g4 Be5 34. Bxe5 Nxe5 35. Ke2 h5 36. gxh5 g5 37. Nd3 Nxd3 38. Kxd3 Bg2 39. Kd4
Bxh3 40. Ke3 Be6 41. a3 Kg7 42. f4 g4 43. f5 Bxf5 44. Kf4 Be6 45. Kg3 Kh6 46.
Kh4 f5 0-1

[Event "XI Open"]
[Site "Condino ITA"]
[Date "2011.07.29"]
[Round "6"]
[White "Tricerri, Pierino"]
[Black "Monzeglio, Graziella"]
[Result "0-1"]
[WhiteElo "1508"]
[BlackElo "1486"]
[PlyCount "72"]
[EventDate "2011.07.25"]

1. d4 d5 2. c4 e6 3. Nc3 Nf6 4. Bg5 Be7 5. cxd5 exd5 6. e3 Be6 7. Qc2 Qd7 8.
Nge2 O-O 9. Nf4 Bf5 10. Bd3 Bxd3 11. Qxd3 Nc6 12. Bxf6 Bxf6 13. Ncxd5 Ne7 14.
e4 Rfe8 15. O-O Nxd5 16. Nxd5 Be7 17. f4 f5 18. Nxe7+ Rxe7 19. exf5 Rd8 20.
Rad1 Rde8 21. Rf3 Re2 22. Rg3 Qe7 23. Qc3 Qe4 24. f6 g6 25. Rf3 Qf5 26. d5 Kf7
27. Qxc7+ Kxf6 28. Qd6+ Kg7 29. Rc3 Re1+ 30. Rxe1 Rxe1+ 31. Kf2 Qe4 32. Rc7+
Kh6 33. Kg3 Qe3+ 34. Kh4 Qf2+ 35. g3 Qxh2+ 36. Kg4 Qh5# 0-1

[Event "XI Open"]
[Site "Condino ITA"]
[Date "2011.07.30"]
[Round "7"]
[White "Barucco, Mattia"]
[Black "Frugoni, Giulio"]
[Result "1-0"]
[WhiteElo "1976"]
[BlackElo "1685"]
[PlyCount "71"]
[EventDate "2011.07.25"]

1. e4 c5 2. Nc3 e6 3. g3 Nc6 4. Bg2 Nf6 5. d3 d5 6. Bd2 a6 7. a4 d4 8. Nce2 e5
9. f4 Ng4 10. Qc1 Nb4 11. Nf3 Ne3 12. Bxe3 dxe3 13. Nxe5 Be6 14. O-O f6 15. Nf3
Nxd3 16. cxd3 Qxd3 17. Nc3 e2 18. Re1 Bg4 19. Qd2 Qc4 20. Qxe2 Qf7 21. Rad1 Be7
22. h3 Be6 23. Nd5 O-O 24. Nxe7+ Qxe7 25. Qe3 c4 26. Qb6 Rad8 27. Kh2 Rd3 28.
e5 f5 29. Ng5 Bc8 30. Bd5+ Kh8 31. Bxc4 Rxd1 32. Rxd1 g6 33. a5 Qg7 34. Rd8 Qe7
35. Rxf8+ Qxf8 36. Nf7+ 1-0

[Event "XI Open"]
[Site "Condino ITA"]
[Date "2011.07.30"]
[Round "7"]
[White "Brun, Dario"]
[Black "Panjkovic, Aleksandar"]
[Result "0-1"]
[WhiteElo "2265"]
[BlackElo "2173"]
[PlyCount "78"]
[EventDate "2011.07.25"]

1. d4 d6 2. Nf3 g6 3. c4 Bg7 4. Nc3 Bg4 5. e4 Bxf3 6. gxf3 Nc6 7. d5 Nd4 8. Be3
c5 9. dxc6 Nxc6 10. Qb3 Nd4 11. Qa4+ Qd7 12. Qxd7+ Kxd7 13. O-O-O Ne6 14. Nd5
Nh6 15. h4 Rhc8 16. Kb1 Ke8 17. h5 Ng8 18. hxg6 hxg6 19. b4 Nf6 20. Be2 Nc7 21.
Bh6 Ncxd5 22. Bxg7 Nc3+ 23. Kc2 Nxe2 24. e5 Nh5 25. exd6 exd6 26. Rde1 Nxg7 27.
Rxe2+ Ne6 28. Kb3 Kd7 29. Rd1 Kc7 30. Red2 b6 31. Rd5 Rh8 32. R5d3 Rad8 33. a3
Rh3 34. Ka4 a6 35. R1d2 Rh4 36. Kb3 Rf4 37. Kc3 Ng5 38. Rd5 Rxf3+ 39. Kb2 Ne4
0-1

[Event "XI Open"]
[Site "Condino ITA"]
[Date "2011.07.30"]
[Round "7"]
[White "Carletti, Angelo"]
[Black "De Vita, Gianni"]
[Result "1-0"]
[WhiteElo "1849"]
[BlackElo "2090"]
[PlyCount "95"]
[EventDate "2011.07.25"]

1. e4 Nf6 2. e5 Nd5 3. d4 d6 4. c4 Nb6 5. exd6 exd6 6. Nc3 Be7 7. Nf3 Bg4 8.
Be3 O-O 9. b3 c6 10. Be2 d5 11. c5 N6d7 12. O-O Bf6 13. b4 Re8 14. Qd2 Nf8 15.
b5 Nbd7 16. h3 Bh5 17. Rab1 Ne6 18. Rb4 Qc7 19. Rfb1 Reb8 20. Na4 h6 21. R1b3
b6 22. bxc6 bxc5 23. dxc5 Rxb4 24. Rxb4 a5 25. Rb3 Ne5 26. Nxe5 Qxe5 27. Nb6
Rd8 28. Nd7 Qa1+ 29. Kh2 Bxe2 30. Qxe2 Be5+ 31. g3 Bc7 32. Rb7 d4 33. Rxc7 dxe3
34. Ra7 exf2 35. Qxf2 Ng5 36. Rb7 Qd1 37. c7 Re8 38. Ne5 Qd5 39. Rb8 Qe6 40.
Rxe8+ Qxe8 41. Qf5 Ne6 42. Qxf7+ Qxf7 43. c8=Q+ Qf8 44. Qxe6+ Kh7 45. Qg6+ Kg8
46. Qc2 h5 47. h4 Qb8 48. Qb3+ 1-0

[Event "XI Open"]
[Site "Condino ITA"]
[Date "2011.07.30"]
[Round "7"]
[White "Dappiano, Andrea"]
[Black "Qendro, Llambi"]
[Result "1/2-1/2"]
[WhiteElo "2072"]
[BlackElo "2343"]
[PlyCount "22"]
[EventDate "2011.07.25"]

1. c4 g6 2. Nc3 Bg7 3. g3 e5 4. Bg2 Nc6 5. e4 d6 6. Nge2 Nge7 7. O-O O-O 8. d3
Be6 9. Nd5 Qd7 10. Bg5 f6 11. Be3 f5 1/2-1/2

[Event "XI Open"]
[Site "Condino ITA"]
[Date "2011.07.30"]
[Round "7"]
[White "Galas, Franco"]
[Black "Schaefer, Heiko"]
[Result "0-1"]
[WhiteElo "1758"]
[BlackElo "2100"]
[PlyCount "68"]
[EventDate "2011.07.25"]

1. d4 Nf6 2. Nf3 g6 3. Bg5 Ne4 4. Nbd2 Nxg5 5. Nxg5 Bg7 6. Ngf3 c5 7. e3 Qb6 8.
Nb3 cxd4 9. exd4 d6 10. c3 O-O 11. Be2 a5 12. Qc1 a4 13. Nbd2 e5 14. Nc4 Qc7
15. dxe5 dxe5 16. O-O Be6 17. Na3 Nc6 18. Rd1 Rfd8 19. Ng5 Bf5 20. Rxd8+ Rxd8
21. Qe1 Qe7 22. Nf3 e4 23. Nd2 e3 24. Nf3 exf2+ 25. Qxf2 Bxc3 26. bxc3 Qxa3 27.
c4 Qb2 28. Qf1 Re8 29. Re1 Nd4 30. Nxd4 Qxd4+ 31. Kh1 Qe3 32. Qf3 Qxf3 33. gxf3
Bd3 34. Kg1 Rxe2 0-1

[Event "XI Open"]
[Site "Condino ITA"]
[Date "2011.07.30"]
[Round "7"]
[White "Medves, Adriano"]
[Black "Garonzi, Martino"]
[Result "0-1"]
[WhiteElo "1593"]
[BlackElo "2002"]
[PlyCount "108"]
[EventDate "2011.07.25"]

1. b4 Nf6 2. Bb2 g6 3. Nf3 Bg7 4. e3 O-O 5. Be2 d6 6. c4 e5 7. O-O Re8 8. d3 h6
9. Nc3 c6 10. Nd2 d5 11. Qc2 d4 12. Nd1 Be6 13. e4 Na6 14. a3 c5 15. b5 Nc7 16.
Nb3 b6 17. Bc1 Nd7 18. Bf3 h5 19. Qe2 Bf6 20. g3 Bg5 21. Nd2 Bh3 22. Bg2 Bxg2
23. Kxg2 Ne6 24. Nf3 Bxc1 25. Rxc1 Kg7 26. Nb2 h4 27. Nxh4 Qxh4 28. gxh4 Nf4+
29. Kf3 Nxe2 30. Kxe2 Rh8 31. Kf3 Rxh4 32. Rh1 Rah8 33. Kg3 Rh3+ 34. Kg2 Nf6
35. a4 Ng4 36. a5 Nxf2 37. Kxf2 Rxh2+ 38. Rxh2 Rxh2+ 39. Kg3 Rxb2 40. axb6 axb6
41. Ra1 Rb3 42. Ra6 Rxd3+ 43. Kf2 Rc3 44. Rxb6 Rxc4 45. Rc6 Rc2+ 46. Ke1 c4 47.
b6 c3 48. b7 Rb2 49. Rc7 g5 50. Rc5 f6 51. Rc7+ Kg6 52. Rd7 g4 53. Rc7 g3 54.
Kf1 Kg5 0-1

[Event "XI Open"]
[Site "Condino ITA"]
[Date "2011.07.30"]
[Round "7"]
[White "Menon, Michele"]
[Black "Carletti, Davide"]
[Result "1-0"]
[WhiteElo "1775"]
[BlackElo "1660"]
[PlyCount "89"]
[EventDate "2011.07.25"]

1. Nf3 c5 2. c4 Nc6 3. Nc3 g6 4. g3 Bg7 5. Bg2 e6 6. O-O Nf6 7. d4 cxd4 8. Nxd4
a6 9. Nc2 Qc7 10. b3 h5 11. h4 Ng4 12. Bb2 g5 13. Nd5 exd5 14. Bxg7 Rg8 15.
cxd5 Rxg7 16. dxc6 gxh4 17. Qd4 Rg6 18. Rad1 hxg3 19. fxg3 bxc6 20. Rf4 Qa7 21.
Rdf1 Qxd4+ 22. Nxd4 f6 23. Nxc6 Bb7 24. Re4+ Kf8 25. Ne7 Bxe4 26. Bxe4 Kxe7 27.
Bxg6 Rh8 28. Rd1 Ne5 29. Bf5 d6 30. Rd4 Rg8 31. Kf2 Rg5 32. Bc8 Ng4+ 33. Bxg4
Rxg4 34. Rxg4 hxg4 35. Ke3 Ke6 36. Kd4 f5 37. e3 d5 38. b4 Kd6 39. a4 Kc6 40.
b5+ axb5 41. axb5+ Kxb5 42. Kxd5 Kb4 43. Ke5 Kc4 44. Kxf5 Kd3 45. e4 1-0

[Event "XI Open"]
[Site "Condino ITA"]
[Date "2011.07.30"]
[Round "7"]
[White "Monzeglio, Graziella"]
[Black "Calabrese, Maurizio"]
[Result "0-1"]
[WhiteElo "1486"]
[BlackElo "1567"]
[PlyCount "70"]
[EventDate "2011.07.25"]

1. d4 Nf6 2. Nf3 g6 3. e3 b6 4. c3 Bb7 5. Bd3 Bg7 6. Nbd2 d6 7. O-O Nbd7 8. Re1
a6 9. e4 e5 10. dxe5 Nxe5 11. Qe2 Nxd3 12. Qxd3 O-O 13. Qe2 Re8 14. Nc4 a5 15.
e5 Ng4 16. h3 Nh6 17. Bf4 Ba6 18. b3 a4 19. Nfd2 d5 20. Bxh6 Bxh6 21. Qf3 dxc4
22. Nxc4 Bxc4 23. bxc4 Ra5 24. e6 fxe6 25. Rad1 Qe7 26. Rd3 Rf5 27. Qe4 Qc5 28.
Rf3 Rxf3 29. Qxf3 Qxc4 30. Re4 Qxa2 31. Rd4 Qb1+ 32. Kh2 Bg7 33. Rd7 Rf8 34.
Qc6 Be5+ 35. g3 Rxf2+ 0-1

[Event "XI Open"]
[Site "Condino ITA"]
[Date "2011.07.30"]
[Round "7"]
[White "Nepi, Ezio"]
[Black "Medves, Enrico"]
[Result "0-1"]
[WhiteElo "1930"]
[BlackElo "1593"]
[PlyCount "62"]
[EventDate "2011.07.25"]

1. d4 c5 2. d5 e6 3. c4 Nf6 4. Nc3 exd5 5. cxd5 d6 6. Nf3 g6 7. g3 Bg7 8. Bg2
O-O 9. O-O Na6 10. Nd2 Nc7 11. Nc4 Nfe8 12. a4 Rb8 13. Bf4 g5 14. Be3 f5 15. f4
g4 16. Bc1 b6 17. e4 Ba6 18. Qd3 Bd4+ 19. Kh1 Nf6 20. Bd2 Qd7 21. b3 fxe4 22.
Bxe4 Nxe4 23. Qxe4 Rbe8 24. Qc2 Nxd5 25. Nxd5 Bb7 26. Nce3 Bxe3 27. Bxe3 Bxd5+
28. Kg1 Rxe3 29. Qd2 Qe6 30. Rfd1 Bxb3 31. Ra3 Re2 0-1